000
00210 a2200097 4500
001
8957
100
_a
Bloamfield B. C.
245
_a
Middle East Studies & Tibra
260
_a
_b
Mansell
_c
090
_c
7147
_d
7147
942
_a
NUST-CAE
_c
M
_c
33764
999
_c
244030
_d
244030